Normal view
MARC view
- Introduction to Oracle:SQL and PL/SQL
Entry Topical Term
001 - CONTROL NUMBER
- control field: 125389
003 - CONTROL NUMBER IDENTIFIER
- control field: NUST
005 - DATE AND TIME OF LATEST TRANSACTION
- control field: 20240827141313.0
008 - FIXED-LENGTH DATA ELEMENTS
- fixed length control field: 240827|| aca||aabn | a|a d
040 ## - CATALOGING SOURCE
- Original cataloging agency: NUST
- Transcribing agency: NUST
150 ## - HEADING--TOPICAL TERM
- Topical term or geographic name entry element: Introduction to Oracle:SQL and PL/SQL
670 ## - SOURCE DATA FOUND
- Source citation: Work cat.: (NUST): Introduction to Oracle:SQL and PL/SQL :, 1998.
